000
00338nam a2200145Ia 4500
008
221030s9999 xx 000 0 und d
041
_a
English
082
_a
105.23
_b
Suk
100
_a
R. C. Sukla
245
0
_a
Control Systems
_c
by R. C. Sukla
260
_b
Dhanpat Rai Pub
_a
New Delhi
_c
0
300
_a
644
650
_a
EE
942
_c
BK
999
_c
4762
_d
4762